| 000 | 01086nam0a22002891 4500 | ||
|---|---|---|---|
| 001 | rc\2271710 | ||
| 005 | 20250623035045.0 | ||
| 035 | _a(NLR Aleph) 006552612 | ||
| 090 |
_a6756951 _c6756951 |
||
| 100 | _a20110829d1977 |||y0rusy50 ca | ||
| 101 | 0 | _arus | |
| 102 | _aRU | ||
| 105 | _aab z ||||| | ||
| 200 | 1 |
_aЧисленный анализ и прогноз морских течений _fА.С. Саркисян _gПод ред. В.Ф. Козлова |
|
| 210 |
_aЛенинград _cГидрометеоиздат _d1977 |
||
| 215 |
_a182 с. _cил., карт. _d21 |
||
| 320 | _aСписок лит.: с. 172-180 (158 назв.) | ||
| 606 |
_aМорские течения _xРасчет _2psbo |
||
| 686 |
_aД221.34с18,07 _2rubbk |
||
| 700 | 1 |
_7ca _8rus _aСаркисян _bА. С. _cд-р физ.-мат. наук _f1926- _gАртем Саркисович _9159948 _3RU\NLR\AUTH\770159989 |
|
| 801 | 0 |
_aRU _bNLR _gpsbo |
|
| 801 | 1 |
_aRU _bELAR _2rusmarc |
|
| 852 |
_aNLR _j77-5/3736 |
||
| 899 |
_aRuMoRGB _jБ 77-8/943 |
||
| 899 |
_aRuMoRGB _jБ 77-8/944 |
||
| 942 | _cBOOK | ||
| 980 | _aNB | ||